[Event "DVM U20w 2022"]
[Site "Münster GER"]
[Date "2022.12.28"]
[Round "3"]
[White "Strübel, Katharina"]
[Black "Grining, Maria"]
[Result "0-1"]
[Termination "normal"]
[Board "5.2"]
[WhiteElo "1325"]
[BlackElo "1758"]
[WhiteClock "00:58:25"]
[BlackClock "01:04:11"]
[WhiteTeam "SK Lehrte von 1919 e. V."]
[BlackTeam "Karlsruher SF 1853 1"]
[PlyCount "70"]
[WhiteFideId "16284879"]
[BlackFideId "16235037"]
[EventCountry "GER"]
[EventRounds "7"]
[EventType "team-swiss"]
[EventDate "2022.12.26"]

1. e4 {[%clk 01:30:56]} {[%emt 00:00:02]} d6 {[%clk 01:30:57]} {[%emt
00:00:04]} 2. d4 {[%clk 01:31:17]} {[%emt 00:00:09]} Nf6 {[%clk 01:31:21]}
{[%emt 00:00:06]} 3. Bd3 {[%clk 01:31:36]} {[%emt 00:00:10]} Nbd7 {[%clk
01:31:11]} {[%emt 00:00:40]} 4. c4 {[%clk 01:31:53]} {[%emt 00:00:14]} e5
{[%clk 01:31:29]} {[%emt 00:00:12]} 5. d5 {[%clk 01:32:12]} {[%emt 00:00:11]}
c6 {[%clk 01:30:51]} {[%emt 00:01:08]} 6. Nc3 {[%clk 01:32:19]} {[%emt
00:00:22]} h6 {[%clk 01:30:09]} {[%emt 00:01:13]} 7. Nge2 {[%clk 01:32:13]}
{[%emt 00:00:35]} Be7 {[%clk 01:28:54]} {[%emt 00:01:46]} 8. O-O {[%clk
01:30:37]} {[%emt 00:02:05]} g5 {[%emt 00:31:07]} 9. b4 {[%clk 01:12:17]}
{[%emt 00:03:36]} Nf8 {[%emt 00:01:10]} 10. Bc2 {[%clk 01:05:13]} {[%emt
00:07:25]} Ng6 {[%clk 01:12:08]} 11. Ba3 {[%clk 00:58:25]} {[%emt 00:08:41]}
Kf8 {[%clk 01:04:11]} 12. c5 {[%clk 00:58:25]} h5 {[%clk 01:04:11]} 13. Ba4
{[%clk 00:58:25]} cxd5 {[%clk 01:04:11]} 14. exd5 {[%clk 00:58:25]} a6 {[%clk
01:04:11]} 15. c6 {[%clk 00:58:25]} b5 {[%clk 01:04:11]} 16. Bc2 {[%clk
00:58:25]} Nf4 {[%clk 01:04:11]} 17. Nxf4 {[%clk 00:58:25]} gxf4 {[%clk
01:04:11]} 18. Ne4 {[%clk 00:58:25]} Nxe4 {[%clk 01:04:11]} 19. Bxe4 {[%clk
00:58:25]} f5 {[%clk 01:04:11]} 20. Bc2 {[%clk 00:58:25]} Bf6 {[%clk 01:04:11]}
21. Bb2 {[%clk 00:58:25]} Ra7 {[%clk 01:04:11]} 22. f3 {[%clk 00:58:25]} Rg7
{[%clk 01:04:11]} 23. Qb1 {[%clk 00:58:25]} Rhg8 {[%clk 01:04:11]} 24. Rf2
{[%clk 00:58:25]} Qb6 {[%clk 01:04:11]} 25. Kf1 {[%clk 00:58:25]} Rg5 {[%clk
01:04:11]} 26. h4 {[%clk 00:58:25]} R5g7 {[%clk 01:04:11]} 27. Bxf5 {[%clk
00:58:25]} Bxh4 {[%clk 01:04:11]} 28. Re2 {[%clk 00:58:25]} Rxg2 {[%clk
01:04:11]} 29. Rxg2 {[%clk 00:58:25]} Rxg2 {[%clk 01:04:11]} 30. Kxg2 {[%clk
00:58:25]} Qf2 {[%clk 01:04:11]} 31. Kh1 {[%clk 00:58:25]} Qxf3 {[%clk
01:04:11]} 32. Kg1 {[%clk 00:58:25]} Bf2 {[%clk 01:04:11]} 33. Kh2 {[%clk
00:58:25]} Bg3 {[%clk 01:04:11]} 34. Kg1 {[%clk 00:58:25]} Qf2 {[%clk
01:04:11]} 35. Kh1 {[%clk 00:58:25]} Qh2# {[%clk 01:04:11]} 0-1

[Event "DVM U20w 2022"]
[Site "Münster GER"]
[Date "2022.12.28"]
[Round "3"]
[White "Bykov, Ilona"]
[Black "Stelter, Finja"]
[Result "1/2-1/2"]
[Termination "normal"]
[Board "5.3"]
[WhiteElo "1452"]
[BlackElo "1312"]
[WhiteClock "00:49:37"]
[BlackClock "01:06:10"]
[WhiteTeam "Karlsruher SF 1853 1"]
[BlackTeam "SK Lehrte von 1919 e. V."]
[PlyCount "62"]
[WhiteFideId "12964433"]
[BlackFideId "16298624"]
[EventCountry "GER"]
[EventRounds "7"]
[EventType "team-swiss"]
[EventDate "2022.12.26"]

1. d4 {[%clk 01:29:51]} {[%emt 00:01:09]} Nf6 {[%emt 00:00:06]} 2. Nf3 g6 3.
Bg5 Bg7 4. Nbd2 c5 {[%clk 01:30:54]} 5. c3 {[%clk 01:29:41]} cxd4 {[%clk
01:29:10]} {[%emt 00:05:42]} 6. cxd4 {[%clk 01:29:47]} Nc6 {[%emt 00:01:30]} 7.
e4 Qa5 8. e5 Ne4 9. Be3 d6 10. Bd3 Nxd2 11. Bxd2 Qd5 12. exd6 Qxd6 13. Bc3 O-O
14. Be4 Rd8 15. d5 Nb4 {[%clk 01:28:46]} 16. Bxg7 {[%clk 01:24:35]} Kxg7 {[%emt
01:10:54]} 17. Qd4 Kg8 18. O-O Bg4 19. Ne5 Be6 20. Nc4 Qa6 21. Ne3 Qb5 {[%clk
01:06:10]} 22. Rfd1 {[%clk 00:49:37]} f5 {[%clk 01:06:10]} 23. Qe5 {[%clk
00:49:37]} Rd6 {[%clk 01:06:10]} 24. Bf3 {[%clk 00:49:37]} Rad8 {[%clk
01:06:10]} 25. b3 {[%clk 00:49:37]} Bxd5 {[%clk 01:06:10]} 26. Qxe7 {[%clk
00:49:37]} Qd7 {[%clk 01:06:10]} 27. Qxd7 {[%clk 00:49:37]} R8xd7 {[%clk
01:06:10]} 28. Bxd5 {[%clk 00:49:37]} Nxd5 {[%clk 01:06:10]} 29. Rxd5 {[%clk
00:49:37]} Rxd5 {[%clk 01:06:10]} 30. Nxd5 {[%clk 00:49:37]} Rxd5 {[%clk
01:06:10]} 31. Kf1 {[%clk 00:49:37]} Rd2 {[%clk 01:06:10]} 1/2-1/2

[Event "DVM U20w 2022"]
[Site "Münster GER"]
[Date "2022.12.28"]
[Round "3"]
[White "Daoud, Shahnaz"]
[Black "Eichhorn, Elisabeth"]
[Result "0-1"]
[Termination "normal"]
[Board "5.4"]
[WhiteElo "1367"]
[BlackElo "1330"]
[WhiteClock "00:11:17"]
[BlackClock "00:05:18"]
[WhiteTeam "SK Lehrte von 1919 e. V."]
[BlackTeam "Karlsruher SF 1853 1"]
[PlyCount "146"]
[WhiteFideId "16297750"]
[BlackFideId "16235070"]
[EventCountry "GER"]
[EventRounds "7"]
[EventType "team-swiss"]
[EventDate "2022.12.26"]

1. d4 {[%clk 01:30:58]} {[%emt 00:00:01]} Nf6 {[%clk 01:30:53]} {[%emt
00:00:07]} 2. Nc3 {[%clk 01:31:16]} {[%emt 00:00:11]} c5 {[%clk 01:26:24]}
{[%emt 00:05:00]} 3. Bf4 {[%clk 01:27:22]} {[%emt 00:04:24]} cxd4 {[%clk
01:26:01]} {[%emt 00:00:54]} 4. Qxd4 {[%clk 01:27:26]} {[%emt 00:00:25]} Nc6
{[%clk 01:25:15]} {[%emt 00:01:16]} 5. Qd2 {[%clk 01:27:30]} {[%emt 00:00:26]}
e5 {[%clk 01:22:50]} {[%emt 00:02:55]} 6. Bg5 {[%clk 01:25:49]} {[%emt
00:02:10]} Bc5 {[%clk 01:17:20]} {[%emt 00:05:59]} 7. Nd5 {[%clk 01:16:08]}
{[%emt 00:10:12]} h6 {[%clk 01:14:13]} {[%emt 00:03:37]} 8. Nxf6 {[%clk
01:13:02]} {[%emt 00:03:37]} gxf6 {[%clk 01:13:50]} {[%emt 00:00:53]} 9. Bxh6
{[%clk 01:13:15]} {[%emt 00:00:18]} Qb6 {[%clk 01:13:37]} {[%emt 00:00:42]} 10.
Be3 {[%clk 01:12:37]} {[%emt 00:01:08]} Bxe3 {[%clk 01:08:25]} {[%emt
00:05:41]} 11. fxe3 {[%clk 01:08:20]} {[%emt 00:04:48]} Qxb2 {[%clk 01:07:13]}
{[%emt 00:01:43]} 12. Qc1 {[%clk 01:07:37]} {[%emt 00:01:09]} Qc3 {[%clk
00:55:19]} {[%emt 00:12:28]} 13. Kf2 {[%clk 01:06:43]} {[%emt 00:01:24]} d5
{[%clk 00:48:17]} {[%emt 00:07:31]} 14. g3 {[%clk 01:03:24]} {[%emt 00:03:50]}
Rh5 {[%clk 00:46:29]} {[%emt 00:02:16]} 15. h4 {[%clk 01:01:28]} {[%emt
00:02:27]} e4 {[%clk 00:38:17]} {[%emt 00:08:43]} 16. Nh3 {[%clk 01:00:33]}
{[%emt 00:01:25]} Ne5 {[%clk 00:32:10]} {[%emt 00:06:36]} 17. Nf4 {[%clk
00:57:54]} {[%emt 00:03:10]} Ng4 {[%clk 00:29:28]} {[%emt 00:03:12]} 18. Kg1
{[%clk 00:57:35]} {[%emt 00:00:48]} Re5 {[%clk 00:16:49]} {[%emt 00:13:08]} 19.
Rb1 {[%clk 00:49:22]} {[%emt 00:08:45]} Qxe3 {[%clk 00:09:54]} {[%emt
00:07:24]} 20. Qxe3 {[%clk 00:48:43]} {[%emt 00:01:09]} Nxe3 {[%clk 00:10:19]}
{[%emt 00:00:06]} 21. c3 {[%clk 00:48:11]} {[%emt 00:01:01]} Nxf1 {[%clk
00:10:11]} {[%emt 00:00:38]} 22. Kxf1 {[%clk 00:48:15]} {[%emt 00:00:26]} b6
{[%clk 00:09:39]} {[%emt 00:01:02]} 23. Kf2 {[%clk 00:47:51]} {[%emt 00:00:54]}
Bb7 {[%clk 00:08:55]} {[%emt 00:01:13]} 24. e3 {[%clk 00:47:25]} {[%emt
00:00:56]} Rd8 {[%clk 00:08:42]} {[%emt 00:00:43]} 25. g4 {[%clk 00:46:43]}
{[%emt 00:01:12]} Re7 {[%clk 00:07:49]} {[%emt 00:01:23]} 26. h5 {[%clk
00:45:52]} {[%emt 00:01:21]} Kf8 {[%clk 00:07:30]} {[%emt 00:00:49]} 27. h6
{[%clk 00:45:35]} {[%emt 00:00:48]} Kg8 {[%clk 00:07:30]} {[%emt 00:00:30]} 28.
Rbg1 {[%clk 00:45:41]} {[%emt 00:00:23]} Re5 {[%clk 00:07:11]} {[%emt
00:00:49]} 29. Nh5 {[%clk 00:45:01]} {[%emt 00:01:10]} Rd6 {[%clk 00:06:48]}
{[%emt 00:00:53]} 30. Ng7 {[%clk 00:44:58]} {[%emt 00:00:34]} Rg5 {[%clk
00:05:34]} {[%emt 00:01:44]} 31. Nf5 {[%clk 00:44:07]} {[%emt 00:01:21]} Rd8
{[%clk 00:05:14]} {[%emt 00:00:51]} 32. Rh5 {[%clk 00:41:55]} {[%emt 00:02:42]}
Kh7 {[%clk 00:04:07]} {[%emt 00:01:07]} 33. Rxg5 {[%clk 00:41:02]} {[%emt
00:01:23]} fxg5 {[%clk 00:05:02]} {[%emt 00:00:04]} 34. Ke2 {[%clk 00:39:47]}
{[%emt 00:01:37]} Ba6 {[%clk 00:05:18]} {[%emt 00:00:22]} 35. Ke1 {[%clk
00:39:54]} {[%emt 00:00:18]} Bb7 {[%clk 00:05:41]} {[%emt 00:00:12]} 36. Rh1
{[%clk 00:39:15]} {[%emt 00:01:08]} Rd7 {[%clk 00:05:41]} {[%emt 00:00:30]} 37.
Rh5 {[%clk 00:39:09]} {[%emt 00:00:36]} f6 {[%clk 00:05:07]} {[%emt 00:01:04]}
38. Nd4 {[%clk 00:38:07]} {[%emt 00:01:29]} Re7 {[%clk 00:02:10]} {[%emt
00:03:19]} 39. Nb5 {[%clk 00:33:23]} {[%emt 00:05:23]} Bc8 {[%clk 00:02:10]}
{[%emt 00:00:31]} 40. Nd4 {[%clk 00:31:36]} {[%emt 00:02:17]} Bxg4 {[%clk
00:01:53]} {[%emt 00:00:47]} 41. Rh2 {[%clk 00:31:30]} {[%emt 00:00:34]} Bd7
{[%clk 00:28:20]} {[%emt 00:04:31]} 42. Kd2 {[%clk 01:00:30]} {[%emt 00:02:32]}
Rf7 {[%clk 00:28:09]} {[%emt 00:00:41]} 43. Ne2 {[%clk 00:57:40]} {[%emt
00:03:22]} f5 {[%clk 00:26:49]} {[%emt 00:01:50]} 44. Rh5 {[%clk 00:44:41]}
{[%emt 00:13:29]} Kg6 {[%clk 00:25:37]} {[%emt 00:01:42]} 45. Rh2 {[%clk
00:42:34]} {[%emt 00:02:36]} Bb5 {[%clk 00:22:06]} {[%emt 00:03:59]} 46. Ng3
{[%clk 00:41:43]} {[%emt 00:01:22]} Bd7 {[%clk 00:20:56]} {[%emt 00:01:41]} 47.
Ke1 {[%clk 00:39:40]} {[%emt 00:02:32]} a5 {[%clk 00:19:37]} {[%emt 00:01:50]}
48. Ke2 {[%clk 00:35:09]} {[%emt 00:05:00]} Rh7 {[%clk 00:19:37]} {[%emt
00:00:31]} 49. Kf2 {[%clk 00:31:46]} {[%emt 00:03:52]} f4 {[%clk 00:16:00]}
{[%emt 00:04:07]} 50. exf4 {[%clk 00:31:32]} {[%emt 00:00:44]} gxf4 {[%clk
00:16:25]} {[%emt 00:00:06]} 51. Nh5 {[%clk 00:31:25]} {[%emt 00:00:37]} Kg5
{[%clk 00:14:08]} {[%emt 00:02:47]} 52. Nxf4 {[%clk 00:21:34]} {[%emt
00:10:21]} Kxf4 {[%clk 00:14:00]} {[%emt 00:00:38]} 53. Rh5 {[%clk 00:21:33]}
{[%emt 00:00:29]} Bf5 {[%clk 00:12:28]} {[%emt 00:02:04]} 54. Rh4 {[%clk
00:20:30]} {[%emt 00:01:33]} Ke5 {[%clk 00:11:43]} {[%emt 00:01:15]} 55. Rh5
{[%clk 00:20:13]} {[%emt 00:00:48]} Ke6 {[%clk 00:11:18]} {[%emt 00:00:55]} 56.
Ke3 {[%clk 00:19:49]} {[%emt 00:00:53]} Ke5 {[%clk 00:10:49]} {[%emt 00:01:00]}
57. Rh1 {[%clk 00:19:22]} {[%emt 00:00:56]} Rc7 {[%clk 00:10:31]} {[%emt
00:00:49]} 58. Kd2 {[%clk 00:18:29]} {[%emt 00:01:23]} d4 {[%clk 00:09:28]}
{[%emt 00:01:32]} 59. cxd4 {[%clk 00:17:54]} {[%emt 00:01:06]} Kxd4 {[%clk
00:09:53]} {[%emt 00:00:05]} 60. Rh4 {[%clk 00:17:53]} {[%emt 00:00:31]} b5
{[%clk 00:09:27]} {[%emt 00:00:57]} 61. Rh5 {[%clk 00:17:44]} {[%emt 00:00:39]}
Rf7 {[%clk 00:09:46]} {[%emt 00:00:11]} 62. Rh4 {[%clk 00:15:05]} {[%emt
00:03:09]} Bh7 {[%clk 00:08:53]} {[%emt 00:01:22]} 63. Ke2 {[%clk 00:14:24]}
{[%emt 00:01:11]} Rc7 {[%clk 00:08:22]} {[%emt 00:01:02]} 64. Kd2 {[%clk
00:14:27]} {[%emt 00:00:27]} b4 {[%clk 00:08:31]} {[%emt 00:00:21]} 65. Rh5
{[%clk 00:12:50]} {[%emt 00:02:07]} e3 {[%clk 00:08:08]} {[%emt 00:00:54]} 66.
Kd1 {[%clk 00:12:52]} {[%emt 00:00:28]} Bc2 {[%clk 00:08:05]} {[%emt 00:00:33]}
67. Ke1 {[%clk 00:13:10]} {[%emt 00:00:12]} Bd3 {[%clk 00:08:05]} {[%emt
00:00:31]} 68. Rh4 {[%clk 00:12:44]} {[%emt 00:00:56]} Kc3 {[%clk 00:07:58]}
{[%emt 00:00:37]} 69. Rh1 {[%clk 00:12:13]} {[%emt 00:01:00]} Kb2 {[%clk
00:07:39]} {[%emt 00:00:50]} 70. Rh2 {[%clk 00:11:31]} {[%emt 00:01:12]} Ka3
{[%clk 00:07:50]} {[%emt 00:00:19]} 71. Kd1 {[%clk 00:11:34]} {[%emt 00:00:25]}
Rf7 {[%clk 00:05:44]} {[%emt 00:02:36]} 72. Rh1 {[%clk 00:11:28]} {[%emt
00:00:36]} Kxa2 {[%clk 00:05:24]} {[%emt 00:00:50]} 73. Ke1 {[%clk 00:11:17]}
{[%emt 00:00:41]} b3 {[%clk 00:05:18]} {[%emt 00:00:37]} 0-1

[Event "DVM U20w 2022"]
[Site "Münster GER"]
[Date "2022.12.28"]
[Round "3"]
[White "Tabakh, Najat"]
[Black "Henninger, Claire"]
[Result "0-1"]
[Termination "normal"]
[Board "6.1"]
[WhiteElo "1330"]
[BlackElo "1534"]
[WhiteTeam "SV Bad Oldesloe"]
[BlackTeam "Karlsruher SF 1853 2"]
[PlyCount "94"]
[WhiteFideId "16209109"]
[BlackFideId "16200659"]
[EventCountry "GER"]
[EventRounds "7"]
[EventType "team-swiss"]
[EventDate "2022.12.26"]

1. b3 e5 2. Bb2 Nc6 3. e3 Nf6 4. d4 exd4 5. exd4 d5 6. Bd3 Bd6 7. Nd2 O-O 8. c4
Bg4 9. Ngf3 Re8 10. Be2 Qe7 11. g3 Bb4 12. Ne5 Nxe5 13. dxe5 Bxe2 14. Qxe2 Ne4
15. Rd1 Nxd2 16. Rxd2 Bxd2 17. Qxd2 dxc4 18. bxc4 Rad8 19. Qc3 Qd7 20. O-O Qd2
21. Qb3 b6 22. Bc1 Qd3 23. Qa4 Rxe5 24. Qxa7 Rc5 25. Be3 Rxc4 26. Bg5 f6 27.
Bf4 Qc2 28. Rc1 Rd1 29. Rxd1 Qxd1 30. Kg2 Qd5 31. Kh3 Rxf4 32. Qb8 Kf7 33. Qxc7
Kg6 34. Qxf4 Qf5 35. Qg4 Qxg4 36. Kxg4 f5 37. Kf4 Kf6 38. h4 g6 39. g4 fxg4 40.
Kxg4 h6 41. Kf4 h5 42. f3 b5 43. a3 g5 44. hxg5 Kg6 45. Kg3 Kxg5 46. Kg2 Kf4
47. Kf2 h4 0-1

[Event "DVM U20w 2022"]
[Site "Münster GER"]
[Date "2022.12.28"]
[Round "3"]
[White "Shevchenko, Alyona"]
[Black "Xie, Kelly"]
[Result "1-0"]
[Termination "normal"]
[Board "6.2"]
[WhiteElo "1342"]
[BlackElo "966"]
[WhiteTeam "Karlsruher SF 1853 2"]
[BlackTeam "SV Bad Oldesloe"]
[PlyCount "101"]
[WhiteFideId "12983420"]
[BlackFideId "34628444"]
[EventCountry "GER"]
[EventRounds "7"]
[EventType "team-swiss"]
[EventDate "2022.12.26"]

1. e4 e5 2. Nf3 Nf6 3. d4 d6 4. Nc3 Bg4 5. dxe5 Bxf3 6. Qxf3 dxe5 7. Bg5 Be7 8.
Rd1 Nbd7 9. Bc4 O-O 10. a3 h6 11. Bxf6 Bxf6 12. Qh3 Qc8 13. Qxd7 Qxd7 14. Rxd7
Rac8 15. O-O a6 16. a4 Bd8 17. Ra1 Rb8 18. b4 c6 19. Nd1 b5 20. axb5 axb5 21.
Bb3 Bb6 22. Kf1 Rbd8 23. Rxd8 Rxd8 24. Ke2 g6 25. Ne3 Kg7 26. c4 bxc4 27. Nxc4
Bd4 28. Ra6 Rc8 29. Nd6 Rb8 30. Rxc6 Rxb4 31. Bd1 Rb2 32. Rc2 Rb6 33. Ne8 Kf8
34. Nc7 Kg7 35. Nd5 Rb7 36. Rd2 f5 37. Bc2 fxe4 38. Bxe4 Ra7 39. Rc2 h5 40. Rc7
Rxc7 41. Nxc7 Kh6 42. Ne6 Bb6 43. f3 g5 44. Kd3 g4 45. fxg4 hxg4 46. Bf5 Kh5
47. Ke4 Bd4 48. Nxd4 exd4 49. Kxd4 Kg5 50. Ke4 Kh4 51. Kf4 1-0

[Event "DVM U20w 2022"]
[Site "Münster GER"]
[Date "2022.12.28"]
[Round "3"]
[White "Yilmaz, Zilan"]
[Black "Kuran, Olivia"]
[Result "0-1"]
[Termination "normal"]
[Board "6.3"]
[WhiteElo "696"]
[BlackElo "1096"]
[WhiteTeam "SV Bad Oldesloe"]
[BlackTeam "Karlsruher SF 1853 2"]
[PlyCount "64"]
[WhiteFideId "34640142"]
[BlackFideId "16279670"]
[EventCountry "GER"]
[EventRounds "7"]
[EventType "team-swiss"]
[EventDate "2022.12.26"]

1. e4 e5 2. Nf3 Nc6 3. Bc4 Bc5 4. c3 Nf6 5. Nxe5 Nxe5 6. d4 Nxc4 7. dxc5 O-O 8.
O-O Re8 9. f3 b6 10. b3 Na5 11. cxb6 axb6 12. Nd2 d6 13. b4 Nc6 14. Re1 Be6 15.
c4 Nxb4 16. a3 Nd3 17. Re3 Nxc1 18. Qxc1 Nd7 19. f4 f6 20. Qd1 f5 21. Rh3 fxe4
22. Rh4 Qxh4 23. g3 Qd8 24. f5 Bxf5 25. g4 Qg5 26. Kh1 Bxg4 27. Qxg4 Qxg4 28.
Rg1 e3 29. Rxg4 exd2 30. Rd4 Re1 31. Kg2 d1=Q 32. Rxd1 Rxd1 0-1

[Event "DVM U20w 2022"]
[Site "Münster GER"]
[Date "2022.12.28"]
[Round "3"]
[White "Gietzelt, Magdalena"]
[Black "Mohammed Dawed, Lizan"]
[Result "1-0"]
[Termination "normal"]
[Board "6.4"]
[WhiteElo "1165"]
[BlackElo "816"]
[WhiteTeam "Karlsruher SF 1853 2"]
[BlackTeam "SV Bad Oldesloe"]
[PlyCount "99"]
[WhiteFideId "16298403"]
[BlackFideId "34628401"]
[EventCountry "GER"]
[EventRounds "7"]
[EventType "team-swiss"]
[EventDate "2022.12.26"]

1. e4 d5 2. exd5 Qxd5 3. Nc3 Qa5 4. d4 c6 5. Bd2 Nf6 6. Bd3 Bg4 7. Nf3 Nbd7 8.
Qe2 Qh5 9. h3 Bxf3 10. Qxf3 Qxf3 11. gxf3 g6 12. O-O-O Bg7 13. Rde1 Rc8 14. Be4
Nxe4 15. Nxe4 Bxd4 16. Nd6 Kd8 17. Nxf7 Kc7 18. Nxh8 Rxh8 19. Rxe7 Bxf2 20. Bf4
Kc8 21. Rd1 Bh4 22. Rexd7 Bd8 23. Be5 Re8 24. f4 g5 25. Rxh7 gxf4 26. Bxf4 Rf8
27. Bd6 Bg5 28. Kb1 Rd8 29. Rf7 a5 30. a4 b5 31. Ra7 Rd7 32. Rxd7 Kxd7 33. Bf4
Ke6 34. Bxg5 bxa4 35. Bd8 Kf5 36. Bxa5 Kf4 37. b3 axb3 38. cxb3 Kg3 39. Rf1
Kxh3 40. Rg1 Kh2 41. Rg8 Kh3 42. Kc2 Kh4 43. Kd3 Kh5 44. Ke4 Kh6 45. Kf5 Kh7
46. Rg1 Kh6 47. Bd2 Kh7 48. Kf6 Kh8 49. Kf7 c5 50. Rh1# 1-0